000 005540000a22001810004500
003 MACL
005 20160421151232.0
008 160421b xxu||||| |||| 00| 0 eng d
040 _aMACL
_cMACL
041 _aHindi
082 _a796
100 _aमनीष कुमार
_953168
245 _aराष्‍ट्रमंडल के खेल और भारत की भूमिका
260 _aदिल्‍ली
_bगुंजन प्रकाशन
_c2011
350 _a200
650 _aGame
_953169
942 _cHIN
_k796
_2ddc
999 _c46628
_d46628